<?xml version="1.0" encoding="UTF-8"?>
<marc:record xmlns:marc="http://www.loc.gov/MARC21/slim">
   <marc:leader>00000nam a2200000 a 4500</marc:leader>
   <marc:datafield ind1="1" ind2=" " tag="100">
      <marc:subfield code="a">Wrede, Anja</marc:subfield>
      <marc:subfield code="4">aut</marc:subfield>
      <marc:subfield code="e">Verfasser/-in</marc:subfield>
   </marc:datafield>
   <marc:datafield ind1="1" ind2=" " tag="100">
      <marc:subfield code="a">Faidutti, Bruno</marc:subfield>
      <marc:subfield code="4">aut</marc:subfield>
      <marc:subfield code="e">Verfasser/-in</marc:subfield>
   </marc:datafield>
   <marc:datafield ind1=" " ind2=" " tag="653">
      <marc:subfield code="a">Tiere</marc:subfield>
   </marc:datafield>
   <marc:datafield ind1=" " ind2=" " tag="653">
      <marc:subfield code="a">Buchstaben</marc:subfield>
   </marc:datafield>
   <marc:datafield ind1=" " ind2=" " tag="653">
      <marc:subfield code="a">bilingual</marc:subfield>
   </marc:datafield>
   <marc:datafield ind1=" " ind2=" " tag="653">
      <marc:subfield code="a">deutsch-englisch</marc:subfield>
   </marc:datafield>
   <marc:datafield ind1=" " ind2=" " tag="653">
      <marc:subfield code="a">Tastsinn</marc:subfield>
   </marc:datafield>
   <marc:datafield ind1=" " ind2=" " tag="653">
      <marc:subfield code="a">kooperativ</marc:subfield>
   </marc:datafield>
   <marc:datafield ind1=" " ind2=" " tag="653">
      <marc:subfield code="a">Sprachgefühl</marc:subfield>
   </marc:datafield>
   <marc:datafield ind1="0" ind2="0" tag="245">
      <marc:subfield code="a">Wilde Wörter</marc:subfield>
   </marc:datafield>
   <marc:datafield ind1="0" ind2="0" tag="245">
      <marc:subfield code="c">Wrede, Anja</marc:subfield>
   </marc:datafield>
   <marc:datafield ind1=" " ind2="1" tag="264">
      <marc:subfield code="a">Boulogne-Billancourt</marc:subfield>
      <marc:subfield code="b">SPACE Cow</marc:subfield>
      <marc:subfield code="c">2024</marc:subfield>
   </marc:datafield>
   <marc:datafield ind1="1" ind2=" " tag="520">
      <marc:subfield code="a">Im kooperativen Kinderspiel Wilde Wörter taucht ihr in den Wörtersee ein und helft den Tieren am Ufer dabei, ihre Namen wiederzufinden, indem ihr die dazugehörigen Buchstaben herausfischt. Aber Achtung: ihr habt nur wenig Zeit, um alle Buchstaben zu ertasten! Das Erraten der Tiernamen kann für eure Mitspieler also ganz schön knifflig werden. Je mehr Sterne ihr für richtige Rateversuche als Team sammelt, desto besser schneidet ihr am Spielende ab und könnt vielleicht sogar den Löwen davon überzeugen, dass ihr die wahren Wortakrobaten der Savanne seid.&#xD;
&#xD;
&#xD;
Wilde Wörter besticht durch außergewöhnliches Spielmaterial und fördert auf spielerische Weise Tastsinn sowie Sprachgefühl. Zusätzlich enthaltene englische Karten eignen sich für das bilinguale Lernen.</marc:subfield>
   </marc:datafield>
</marc:record>
